[Event "Seville op 39th"]
[Site "Seville"]
[Date "2014.01.16"]
[Round "7"]
[White "Pogorelov, Ruslan"]
[Black "Romero Sanchez, Jesus"]
[Result "1/2-1/2"]
[WhiteElo "2377"]
[BlackElo "2121"]
[PlyCount "95"]
[EventDate "2014.01.10"]
[EventType "swiss"]
[EventRounds "9"]
[EventCountry "ESP"]
[SourceTitle "CBM 158 Extra"]
[Source "ChessBase"]
[SourceDate "2014.02.28"]
[SourceVersion "1"]
[SourceVersionDate "2014.02.28"]
[SourceQuality "1"]

1. Nf3 d5 2. d4 Nf6 3. c4 c6 4. Nc3 e6 5. e3 a6 6. Qc2 c5 7. cxd5 exd5 8. Be2 Be6 9. 0-0 Nc6 10. Rd1 cxd4 11. Nxd4 Nxd4 12. Rxd4 Bc5 13. Rd1 Qe7 14. Qa4+ Bd7 15. Qh4 h6 16. Qg3 Bd6 17. f4 0-0 18. Bf3 Bc6 19. Ne2 Ne4 20. Qe1 Bb4 21. Qf1 Rac8 22. Nd4 Rfd8 23. a3 Bc5 24. b4 Bb6 25. Qe1 Ba4 26. Rd3 Bc2 27. Nxc2 Rxc2 28. Bd1 Rf2 29. Bf3 Rc2 30. Rb1 d4 31. Qd1 Rc3 32. Rb3 Rdc8 33. Rbxc3 Nxc3 34. Qe1 Nb5 35. e4 Rc3 36. Qd1 Qc7 37. Bb2 Rc2 38. Rd2 d3+ 39. Kh1 Qxf4 40. Rxc2 dxc2 41. Qxc2 Bc7 42. Kg1 Qxh2+ 43. Kf1 Bb6 44. Qc8+ Kh7 45. Qf5+ Kg8 46. Qc8+ Kh7 47. Qf5+ Kg8 48. Qc8+ 1/2-1/2

[Event "Seville op 36th"]
[Site "Seville"]
[Date "2011.01.10"]
[Round "4"]
[White "Razmyslov, Alexander"]
[Black "Romero Sanchez, Jesus"]
[Result "1-0"]
[WhiteElo "2439"]
[BlackElo "2144"]
[PlyCount "88"]
[EventDate "2011.01.07"]
[EventType "swiss"]
[EventRounds "9"]
[EventCountry "ESP"]
[SourceTitle "CBM 140 Extra"]
[Source "ChessBase"]
[SourceDate "2011.03.01"]
[SourceVersion "1"]
[SourceVersionDate "2011.03.01"]
[SourceQuality "1"]

1. Nf3 Nf6 2. c4 e6 3. g3 b6 4. Bg2 Bb7 5. 0-0 Be7 6. d4 0-0 7. d5 exd5 8. Nh4 c6 9. cxd5 Nxd5 10. Nf5 Nc7 11. e4 d5 12. Nc3 Bf6 13. exd5 cxd5 14. Bf4 Nba6 15. Rc1 Bc8 16. Nd4 Bb7 17. Nf5 Bc8 18. g4 Be6 19. b4 Qd7 20. a3 Rad8 21. h3 Bxf5 22. gxf5 Qxf5 23. Qg4 Qxg4 24. hxg4 Ne6 25. Bg3 Bxc3 26. Rxc3 d4 27. Rc4 Nb8 28. f4 d3 29. Rd1 Nd4 30. Kf2 Nc2 31. Rc3 Rfe8 32. Bf3 h6 33. f5 h5 34. gxh5 Ne3 35. Rdxd3 Rxd3 36. Rxd3 Nxf5 37. Bf4 Rc8 38. Bg4 g6 39. Bxf5 gxf5 40. Rg3+ Kh7 41. h6 Nc6 42. b5 Nd8 43. Rg7+ Kh8 44. Be5 Rc2+ 1-0